=LDR 00000nam 2200000 4500 =001 INLIS000000000043873 =005 20250507042757 =035 ##$$a 0010-101300000001795 =008 250507###########################0#ind## =041 ##$$a ind =082 ##$$a F.Rom.K =090 ##$$a F.Rom.K, Sin p =100 ##$$a Singo, Darto =245 1#$$a Penyu raksasa dan pedagang, Darto Singo /$c Darto Singo =260 ##$$a Jakarta :$b PT. Gramedia Widiasarana Indonesia,$c 2000 =300 ##$$a 16 hlm, : $b ilus ; $c 21 x 18 cm =650 #4$$a Fiksi Kanak-Kanak =850 ##$$a NBPNMAT =084 ##$$a F.Rom.K SIN p